000 00784cam a22002537a 4500
005 20250926062750.0
008 971010s1987 r 00010 d
010 _a63629
011 _a64601
035 _a70317
082 _a633.2
_bW4
100 0 0 _aWheeler, Joseph L.
_9121637
245 0 _aTemperate pastures
_b: their production, use and management
260 _aCollingwood :
_bCSIRO,
_c1987
300 _a609 p
590 _aBATCH-UPD
_b10
_c20130110
_lUCH01
_h0942
590 _aCONVERSION
_b10
_c20130109
_lUCH01
_h1334
650 1 4 _aPastizales
_xManejo.
_985944
650 1 7 _aPastos forrajeros
_xRendimiento
_2
_986118
700 0 _aPearson, Craig John.
_986418
700 0 _aRobards, G. E.
_997875
901 _aBK
949 _a633.2 W4
_bZ
_cLIBRO
_d-2668
_eLIBRO
_h903
_i70317
_si
999 _c63629
_d63629